000 01074cam a2200301 a 4500
001 3503970
003 ARRUPE
005 20150908140740.0
008 950118s1995 miu 000 0deng
010 _a 95002706
020 _a047209548X (acidfree paper)
040 _aDLC
_cDLC
_dDLC
041 1 _aeng
_hfre
043 _ae-fr---
050 0 0 _aPQ2679.E679
_bZ46513 1995
082 0 0 _a194
_220
100 1 _aSerres, Michel.
_918531
245 1 0 _aConversations on science, culture, and time /
_cMichel Serres with Bruno Latour ; translated by Roxanne Lapidus.
260 _aAnn Arbor :
_bUniversity of Michigan Press,
_cc1995.
300 _a204 p. ;
_c23 cm.
440 0 _aStudies in literature and science
_916918
600 1 0 _aSerres, Michel
_xInterviews.
_919498
650 0 _aAuthors, French
_y20th century
_xInterviews.
_919499
700 1 _aLatour, Bruno.
_918422
906 _a7
_bcbc
_corignew
_d1
_eocip
_f19
_gy-gencatlg
942 _2lcc
_cMONOGRAPH
999 _c123293
_d123293